[Event "ICS rated blitz match"]
[Site "204.178.125.65"]
[Date "1999.11.01"]
[Round "?"]
[White "Hossa"]
[Black "Varguz"]
[Result "0-1"]
[WhiteElo "2475"]
[BlackElo "2801"]
[PlyCount "134"]
[EventDate "1999.??.??"]

1. Nf3 e6 2. d4 c5 3. e4 cxd4 4. Nxd4 Nc6 5. Nc3 d6 6. Bb5 Bd7 7. Be3 Nf6 8.
O-O Be7 9. Qf3 {letzter Buchzug} 9... O-O 10. Rad1 Nxd4 11. Rxd4 e5 12. Rd2
Bxb5 ({0.52 Hiarcs 7.32:} 12... Be6 13. a3 Qc7 14. Bh6 {0.27/7}) 13. Nxb5 a6
14. Nc3 Rc8 15. Rfd1 h6 16. Qf5 Rc4 17. Re2 ({0.13 Hiarcs 7.32:} 17. f3 17...
Qc8 18. Qxc8 Rfxc8 19. a3 b5 20. Rd3 20... Nd7 {0.44/7}) 17... Qc8 18. Qf3 Qe6
19. Red2 Rfc8 20. Rd3 b5 21. a3 Qd7 22. Bd2 Qe6 23. Qe3 Nd7 24. Be1 Nc5 25. Rd5
Bg5 26. Qf3 Nb7 27. Bd2 Be7 28. Kh1 ({0.02 Hiarcs 7.32:} 28. Qe3 28... Nc5 29.
f3 Bg5 30. Qe2 Nb7 31. Bxg5 31... hxg5 {0.27/7}) 28... Qg6 29. Qh3 R4c6 30. Qd3
({-0.16 Hiarcs 7.32:} 30. Kg1 30... Bg5 31. Qg4 Qe6 32. Qg3 Bxd2 33. R5xd2 f5
34. f3 fxe4 35. fxe4 {0.19/7}) 30... Na5 31. b3 Nb7 32. Qh3 Bd8 33. Kg1 Nc5 34.
Qf3 ({-0.84 Hiarcs 7.32:} 34. Qg3 34... Qxg3 35. hxg3 Ne6 36. Na2 Nc7 37. Rd3
Rxc2 38. Nb4 38... Rb2 {-0.23/7}) 34... Ne6 35. Kh1 Bg5 36. Rd3 Bxd2 37. R1xd2
Nf4 38. Nd5 Nxd5 39. Rxd5 Rxc2 40. Rxc2 Rxc2 41. h3 Ra2 42. b4 Rc2 43. Rd1 Kh8
44. Kg1 Rc6 45. Qd3 Kh7 46. Kh2 Qe6 47. Rd2 Qc4 48. Qe3 Qc1 49. Re2 Qxe3 50.
Rxe3 Kg6 51. Rd3 Kf6 52. g4 Ke6 53. Kg3 ({-1.80 Hiarcs 7.32:} 53. Kg2 53... g6
54. f3 Rc4 55. Kf2 Rc2+ 56. Kg3 56... Rc4 {-1.34/11}) 53... g6 54. f3 f5 55.
Kf2 Rc2+ 56. Kg3 ({-3.22 Hiarcs 7.32:} 56. Kf1 56... fxg4 57. fxg4 g5 58. Ke1
Rc4 59. Re3 d5 60. exd5+ Kxd5 61. Ke2 61... e4 {-1.89/9}) 56... f4+ 57. Kh4 Rg2
({-5.95 Hiarcs 7.32:} 57... Re2 58. Rd1 Re3 59. Rf1 Rxa3 60. g5 h5 61. Rd1 Ke7
62. Rf1 Rb3 63. Ra1 Rxf3 64. Rxa6 {-3.22/11}) 58. a4 ({-17.62 Hiarcs 7.32:} 58.
Rd1 58... Rg3 59. Rh1 Kf6 60. Rh2 {-5.95/14}) 58... Rg3 59. Rd2 bxa4 ({
-#14 Hiarcs 7.32:} 59... Kf7 60. Rh2 bxa4 61. b5 axb5 62. Rh1 {-17.52/12}) 60.
Rh2 ({-7.52 Hiarcs 7.32:} 60. Rd1 60... Kf7 61. Rh1 a3 62. b5 a2 63. Rc1 axb5
64. Rc8 a1=Q 65. Rd8 Rxf3 66. Rd7+ Kf6 67. Rxd6+ Ke7 68. Rd7+ 68... Ke6 {
-#14/14}) 60... a3 ({-#14 Hiarcs 7.32:} 60... Kf6 61. Rh1 {-7.52/10}) 61. Rc2
Kf6 62. Rh2 a2 63. b5 axb5 ({-17.54 Hiarcs 7.32:} 63... a1=Q 64. b6 Rg2 65.
Rxg2 Qe1+ 66. Rf2 66... Qxf2# {-#4/5}) 64. Rh1 b4 ({-15.89 Hiarcs 7.32:} 64...
a1=Q 65. Rh2 Rg2 66. Rxg2 Qe1+ 67. Rf2 67... Qxf2# {-#4/5}) 65. Rh2 a1=Q 66.
Re2 g5+ 67. Kh5 67... Rxh3# {Hossa checkmated} 0-1

[Event "ICS rated blitz match"]
[Site "204.178.125.65"]
[Date "1999.11.01"]
[Round "?"]
[White "Varguz"]
[Black "Hossa"]
[Result "1-0"]
[WhiteElo "2805"]
[BlackElo "2471"]
[PlyCount "96"]
[EventDate "1999.??.??"]

1. c4 Nf6 2. Nc3 c5 3. Nf3 e6 4. e4 Nc6 5. Be2 Be7 6. O-O d5 7. exd5 exd5 8. d4
8... cxd4 {letzter Buchzug} 9. Nxd4 Nxd4 ({0.56 Hiarcs 7.32:} 9... O-O 10. cxd5
Nxd5 11. Nxc6 bxc6 12. Nxd5 Qxd5 13. Bf3 Qb5 14. a4 14... Qb6 {0.32/6}) 10.
Qxd4 dxc4 11. Qxd8+ Bxd8 12. Bxc4 O-O 13. Re1 ({0.21 Hiarcs 7.32:} 13. Be3
13... Re8 {0.56/7}) 13... Bd7 14. Be3 Re8 ({0.46 Hiarcs 7.32:} 14... Ba5 15.
Rac1 Rfe8 16. f3 Rac8 17. Bb3 Bxc3 18. bxc3 {0.20/7}) 15. Bd4 Rxe1+ 16. Rxe1
Rc8 17. b3 Ra8 ({1.05 Hiarcs 7.32:} 17... a6 18. Bxf6 gxf6 19. Rd1 Be6 20. Nd5
20... b5 {0.59/7}) 18. Rd1 Bc6 19. Bxa7 Ba5 20. Bd4 Bxc3 21. Bxc3 Rxa2 22. Rd8+
Ne8 23. Kf1 Rc2 24. Bd4 Kf8 25. Bc5+ Kg8 26. Ke1 h5 ({1.26 Hiarcs 7.32:} 26...
g5 27. Be3 g4 28. Be2 h5 29. h3 gxh3 30. gxh3 {0.85/8}) 27. Bd4 Rc1+ 28. Kd2
Rb1 ({1.81 Hiarcs 7.32:} 28... Rh1 29. Be2 Rxh2 30. b4 Rh4 31. b5 Rxd4+ 32.
Rxd4 Bxg2 33. Rd8 Kf8 34. Bxh5 {1.39/9}) 29. h4 Rh1 30. b4 b5 31. Bd3 Rxh4 32.
g3 Rxd4 33. Rxd4 Kf8 34. Rf4 Bd7 35. Re4 Nd6 36. Re5 f5 37. f4 Kf7 38. Ke3 g6
39. Kd4 Be8 40. Kd5 Nc8 41. Kc5 Na7 42. Kb6 Nc8+ 43. Kc7 Ne7 44. Bxb5 Bxb5 45.
Rxb5 Ng8 46. Rb6 Nf6 ({10.08 Hiarcs 7.32:} 46... Ne7 47. Rd6 {7.26/10}) 47.
Rxf6+ Kxf6 48. b5 48... g5 {Hossa resigns} 1-0

[Event "ICS rated blitz match"]
[Site "204.178.125.65"]
[Date "1999.11.01"]
[Round "?"]
[White "Hossa"]
[Black "Zippy"]
[Result "0-1"]
[WhiteElo "2467"]
[BlackElo "2323"]
[PlyCount "103"]
[EventDate "1999.??.??"]

1. d4 f5 2. g3 Nf6 3. Bg2 g6 4. Nh3 4... d5 {letzter Buchzug} 5. Nc3 c6 6. Bf4
Qb6 7. Na4 Qa5+ 8. c3 b6 9. b4 Qb5 10. Bf1 c5 ({1.05 Hiarcs 7.32:} 10... Qa6
11. e4 b5 12. Nc5 Qa3 13. e5 Ne4 14. Nxe4 fxe4 15. Qb3 Qxb3 16. axb3 {0.72/8})
11. e4 ({0.55 Hiarcs 7.32:} 11. dxc5 11... Bd7 12. cxb6 axb6 13. Nb2 {1.05/6})
11... c4 12. exd5 Bd7 ({1.02 Hiarcs 7.32:} 12... Qxd5 13. f3 Nc6 14. Nb2 Ba6
15. Be2 {0.39/7}) 13. Nb2 Qxd5 14. Rg1 Qe4+ 15. Be2 b5 16. f3 ({
0.58 Hiarcs 7.32:} 16. a4 16... a6 17. axb5 axb5 18. Ng5 Qb7 19. Rxa8 19...
Qxa8 {1.03/6}) 16... Qb7 17. a4 Nd5 ({0.87 Hiarcs 7.32:} 17... a6 18. axb5 axb5
19. Rxa8 Qxa8 20. Kf2 20... Bg7 {0.58/7}) 18. Bd2 ({0.27 Hiarcs 7.32:} 18. Qd2
18... Nxf4 19. Nxf4 a6 20. Kf2 Bh6 21. Qe3 {0.87/6}) 18... Nc6 ({
0.70 Hiarcs 7.32:} 18... a6 19. Nf4 Bg7 20. Nxd5 Qxd5 21. axb5 axb5 22. Rxa8 {
0.27/7}) 19. Ra3 a6 20. Nf4 ({0.04 Hiarcs 7.32:} 20. Qa1 20... Na7 21. Nf4 Bh6
22. Nxd5 Bxd2+ 23. Kxd2 23... Qxd5 {0.52/6}) 20... Nc7 21. axb5 ({
-0.26 Hiarcs 7.32:} 21. d5 21... Ne5 {0.26/6}) 21... axb5 22. Rxa8+ Qxa8 23.
Kf1 Bg7 24. Kg2 Nxd4 25. cxd4 g5 26. Nh5 Bxd4 27. Qc2 ({-0.46 Hiarcs 7.32:} 27.
Nxc4 27... bxc4 28. Re1 c3 29. Bxg5 Ne6 30. Bh6 30... Qa2 {0.19/6}) 27... Bxg1
28. Qc3 Rg8 29. Kxg1 Qa7+ 30. Kg2 Qb6 31. Bd1 ({-1.48 Hiarcs 7.32:} 31. Bxg5
31... Nd5 32. Qc1 Qg6 33. f4 Bc6 34. Bf3 34... Nxb4 {-0.51/7}) 31... Qd6 32.
Kg1 e5 33. Be3 Na6 34. Bd2 ({-2.02 Hiarcs 7.32:} 34. Be2 34... Rg6 35. Bd2 Qd4+
36. Kg2 Qxc3 37. Bxc3 {-1.33/6}) 34... Ke7 35. Qc1 h6 36. g4 Nxb4 37. gxf5 Nd5
38. Qc2 ({-3.59 Hiarcs 7.32:} 38. f6+ 38... Kf7 39. Kh1 Nxf6 40. Ng3 Qd4 41.
Bc2 {-2.55/6}) 38... c3 39. f6+ Kd8 40. Qh7 Re8 41. f7 Rf8 42. Bxg5+ ({
-6.57 Hiarcs 7.32:} 42. Qc2 42... cxd2 43. Qxd2 Qb6+ 44. Kg2 Ne3+ 45. Kh1 45...
Rxf7 {-5.02/6}) 42... hxg5 43. Nd3 Nb4 44. Nf2 ({-9.13 Hiarcs 7.32:} 44. Be2
44... c2 {-6.57/7}) 44... Qxd1+ 45. Nxd1 c2 46. Nf2 ({-16.13 Hiarcs 7.32:} 46.
Ne3 46... c1=Q+ 47. Nf1 Bh3 48. Nhg3 Qc5+ 49. Kh1 Bxf1 50. Nxf1 Qf2 51. Ng3
Qxf3+ 52. Kg1 Qxf7 53. Qe4 53... Qf4 {-9.13/7}) 46... c1=Q+ 47. Kg2 Nd5 48. Ng4
Bxg4 49. Qd3 ({-11.94 Hiarcs 7.32:} 49. fxg4 49... Qd2+ 50. Kg3 Qe3+ 51. Kg2
Qe2+ 52. Kg3 Ne3 53. Qd3+ Qxd3 54. h4 gxh4+ 55. Kxh4 55... Rxf7 {-20.03/6})
49... Qb2+ 50. Kg3 Be6 51. Ng7 Bxf7 52. Qf5 {Hossa resigns} ({
-24.46 Hiarcs 7.32:} 52. Nf5 52... Qc3 53. Qe4 Qc1 54. Kf2 Qd2+ 55. Qe2 Qxe2+
56. Kxe2 Bh5 57. Nd6 Bxf3+ 58. Kd3 {-14.12/7}) 0-1

[Event "ICS rated blitz match"]
[Site "204.178.125.65"]
[Date "1999.11.01"]
[Round "?"]
[White "PostModernist"]
[Black "Hossa"]
[Result "0-1"]
[WhiteElo "2647"]
[BlackElo "2445"]
[PlyCount "116"]
[EventDate "1999.??.??"]

1. e4 e5 2. Nf3 d6 3. Bc4 Be7 4. Nc3 Nf6 5. h3 O-O 6. d3 c6 7. O-O 7... d5 {
letzter Buchzug} 8. Bb3 d4 9. Ne2 Nbd7 10. Bg5 b5 11. a4 b4 ({0.52 Hiarcs 7.32:
} 11... Bb7 12. Ng3 h6 13. Bd2 13... Rb8 {0.20/7}) 12. c3 bxc3 13. bxc3 dxc3
14. Nxc3 Ba6 15. Rb1 Rb8 16. Re1 Bb4 17. Qd2 ({-0.31 Hiarcs 7.32:} 17. Qc2
17... Qa5 18. Bd2 Qc5 19. Rf1 Ba5 20. Ng5 {0.11/7}) 17... Qa5 18. Rec1 Nc5 19.
Bxf6 gxf6 20. Ne1 ({-3.40 Hiarcs 7.32:} 20. Qh6 20... Ne6 21. Qxf6 Bxc3 22.
Bxe6 fxe6 23. Rxb8 Rxb8 24. Qxe6+ Kg7 25. Qd6 {-0.31/6}) 20... Rfd8 21. Qb2 ({
-4.73 Hiarcs 7.32:} 21. Qc2 21... Nxd3 22. Nxd3 Bxd3 23. Qb2 Bxb1 24. Nxb1 Qc7
25. Qa2 {-3.40/7}) 21... Nxb3 22. Qxb3 Bxc3 23. Qxb8 Rxb8 24. Rxb8+ Kg7 25. Nf3
Bxd3 26. Rb3 Bd2 27. Rxc6 Bxe4 28. Rc4 Bxf3 29. Rxf3 Qa6 30. Rg4+ Kf8 31. Rh4
Qb6 32. Rc4 ({-6.60 Hiarcs 7.32:} 32. Kh2 32... Qc6 33. Rd3 Bf4+ 34. g3 Qc2 35.
Rf3 Bg5 36. Rh5 {-4.30/8}) 32... Ke7 ({-4.49 Hiarcs 7.32:} 32... e4 33. Rc8+
Ke7 34. Ra3 Qb2 35. Rg3 Qb1+ 36. Kh2 {-6.60/7}) 33. Ra3 Qb1+ 34. Kh2 Qf1 35.
Rc7+ Ke6 36. Rc6+ Kf5 37. Rf3+ Bf4+ 38. g3 Ke4 39. Rcc3 Bd2 40. Rcd3 Qxd3 41.
Rxd3 Kxd3 42. Kg2 Kc4 43. Kf3 Kb3 44. Kg4 ({-9.99 Hiarcs 7.32:} 44. Ke2 44...
Bb4 45. Kd3 Kxa4 46. g4 Kb5 47. Ke4 a5 48. h4 {-7.20/9}) 44... Kxa4 45. Kf5 Be1
46. f3 Bc3 47. h4 ({-14.73 Hiarcs 7.32:} 47. f4 47... a5 {-11.25/11}) 47... Kb3
48. g4 a5 49. g5 a4 50. Kxf6 ({-26.01 Hiarcs 7.32:} 50. f4 50... a3 {-17.21/10}
) 50... e4+ 51. Kxf7 exf3 52. Kg8 f2 53. Kxh7 f1=Q 54. Kg8 Qf5 55. h5 a3 56. g6
a2 57. g7 a1=Q 58. Kh8 58... Qa8# {PostModernist checkmated} 0-1

[Event "ICS rated blitz match"]
[Site "204.178.125.65"]
[Date "1999.11.01"]
[Round "?"]
[White "Hossa"]
[Black "PostModernist"]
[Result "1-0"]
[WhiteElo "2469"]
[BlackElo "2623"]
[PlyCount "131"]
[EventDate "1999.??.??"]

1. Nc3 c5 2. f3 Nf6 3. e4 Nc6 4. f4 ({0.35 Hiarcs 7.32:} 4. g4 4... e6 5. g5
Nh5 6. Nh3 Bd6 7. Nb5 {0.03/7}) 4... d5 5. e5 d4 6. exf6 dxc3 7. fxg7 cxd2+ 8.
Qxd2 Bxg7 9. Qxd8+ 9... Nxd8 {letzter Buchzug} 10. c3 O-O 11. Be3 Bf5 ({
0.75 Hiarcs 7.32:} 11... b6 12. Nf3 Bf5 13. O-O-O Ne6 14. Bd3 Bxd3 15. Rxd3 {
0.37/8}) 12. Bxc5 Ne6 13. Be3 Bh6 14. Ne2 Bg4 ({1.21 Hiarcs 7.32:} 14... a5 15.
Rg1 Rfd8 16. g4 Bd3 17. g5 17... Bg7 {0.84/7}) 15. g3 Bg7 ({1.73 Hiarcs 7.32:} 
15... b6 16. Bg2 Rad8 17. h3 Bf5 18. O-O Bd3 19. Rfe1 {1.21/8}) 16. Bg2 Nd8 17.
Nd4 e5 18. fxe5 Re8 19. O-O Rxe5 20. Rae1 Bd7 21. a3 Nc6 22. Nxc6 Bxc6 23. Bd4
Rxe1 24. Rxe1 Bxd4+ 25. cxd4 Bxg2 26. Kxg2 Rd8 27. Re4 f5 28. Rf4 Kg7 29. a4
Kg6 30. h3 Rc8 31. Kf3 h5 ({2.56 Hiarcs 7.32:} 31... Rc2 32. g4 fxg4+ 33. Rxg4+
Kf5 34. Rf4+ Ke6 35. Rh4 Rc7 36. Rh5 {1.48/9}) 32. d5 Rd8 33. Rd4 Kf6 34. Kf4
b6 35. b4 a5 ({3.52 Hiarcs 7.32:} 35... h4 36. gxh4 Rh8 37. Ke3 Re8+ 38. Kd3
Rd8 39. h5 Kg5 40. d6 40... Kxh5 {2.59/9}) 36. b5 ({2.45 Hiarcs 7.32:} 36. bxa5
36... bxa5 37. d6 Rd7 38. Rd5 Ke6 39. Rxa5 Rxd6 40. Re5+ Kd7 41. a5 Rd4+ 42.
Kxf5 Ra4 43. Kf6 43... h4 {3.52/10}) 36... Rc8 ({4.75 Hiarcs 7.32:} 36... h4
37. gxh4 Rh8 38. Ke3 Ke5 39. d6 f4+ 40. Rxf4 Kxd6 41. Rd4+ Ke6 42. Re4+ 42...
Kf6 {2.45/11}) 37. d6 Ke6 38. d7 Rd8 39. h4 Rxd7 ({13.20 Hiarcs 7.32:} 39...
Kf6 40. Rd6+ Ke7 41. Ke5 Kf7 42. Kd5 Ke7 43. Kc6 Ra8 44. Kc7 Ra7+ 45. Kxb6 Ra8
46. d8=R Rxd8 47. Rxd8 47... Kxd8 {6.16/13}) 40. Rxd7 Kxd7 41. Kxf5 Kd6 42. Kg5
Kc5 43. Kxh5 Kb4 44. g4 Kxa4 45. g5 Kxb5 46. g6 a4 47. g7 Kc5 48. g8=Q b5 49.
Qc8+ Kb4 50. Qc6 a3 51. Qa6 Kc4 52. Qxa3 b4 ({0.00 Hiarcs 7.32:} 52... Kd5 53.
Qb4 {#15/6}) 53. Qxb4+ Kxb4 54. Kg5 Kc4 55. h5 Kd5 56. h6 Ke4 57. h7 Ke3 58.
h8=Q Kd3 59. Qh6 Kc4 60. Qc6+ Kd3 61. Qc5 Ke4 62. Kg4 Kd3 63. Kf3 Kd2 64. Qc4
Kd1 65. Ke3 Ke1 66. Qc1# {PostModernist checkmated} 1-0

[Event "ICS rated blitz match"]
[Site "204.178.125.65"]
[Date "1999.11.01"]
[Round "?"]
[White "PostModernist"]
[Black "Hossa"]
[Result "1-0"]
[WhiteElo "2600"]
[BlackElo "2492"]
[PlyCount "82"]
[EventDate "1999.??.??"]

1. e4 e5 2. Nc3 Nf6 3. g3 d5 4. exd5 Nxd5 5. Bg2 Nxc3 6. bxc3 Bd6 7. Nf3 7...
c5 {letzter Buchzug} 8. O-O Nc6 9. d4 cxd4 10. cxd4 Bg4 ({0.32 Hiarcs 7.32:} 
10... O-O 11. Bb2 e4 12. Nd2 f5 13. d5 {-0.09/6}) 11. dxe5 Nxe5 12. Qd5 Bxf3
13. Bxf3 Nxf3+ 14. Qxf3 O-O 15. Qxb7 Qc8 16. Qe4 Re8 17. Qd3 Be5 18. Rb1 Qe6
19. a3 Qh3 ({1.12 Hiarcs 7.32:} 19... Rad8 20. Qf3 Rc8 21. Be3 Rc3 22. Rb7 {
0.50/6}) 20. Rb7 Rac8 ({1.66 Hiarcs 7.32:} 20... Rad8 21. Qf3 Rd7 22. Qc6 Rdd8
23. Rxa7 Rc8 24. Qd5 {1.12/7}) 21. Rxa7 Red8 22. Qb3 Rf8 23. Bd2 Bb8 24. Rb7
Be5 ({3.84 Hiarcs 7.32:} 24... Bd6 25. Bc3 Qf5 26. Rb5 Qg4 27. Bb4 Bxb4 28.
axb4 {2.09/7}) 25. Bb4 Rfd8 26. Qxf7+ Kh8 27. Re1 Bf6 28. c4 h6 29. c5 Bd4 30.
c6 Rxc6 31. Bf8 Rxf8 ({8.00 Hiarcs 7.32:} 31... Rg6 32. Be7 Bxf2+ 33. Qxf2 Rd3
34. Rb8+ 34... Kh7 {5.35/6}) 32. Qxf8+ Kh7 33. Rb8 Rf6 34. Qg8+ Kg6 35. Qe8+
Kg5 36. Rb5+ Rf5 37. Rxf5+ Qxf5 38. h4+ Kf6 ({15.47 Hiarcs 7.32:} 38... Kg4 39.
Qe4+ Qxe4 40. Rxe4+ Kf5 41. Rxd4 Kf6 42. a4 Ke5 43. Rg4 Kf5 44. Rxg7 Ke4 45. a5
{11.74/9}) 39. Qd8+ Kg6 40. Qxd4 Kf7 41. Qc4+ 41... Kf8 {Hossa resigns} 1-0

[Event "ICS rated blitz match"]
[Site "204.178.125.65"]
[Date "1999.11.01"]
[Round "?"]
[White "Hossa"]
[Black "PostModernist"]
[Result "0-1"]
[WhiteElo "2481"]
[BlackElo "2611"]
[PlyCount "104"]
[EventDate "1999.??.??"]

1. Nc3 c5 2. f3 Nf6 3. e4 Nc6 4. f4 ({0.28 Hiarcs 7.32:} 4. g4 4... e6 5. g5
Nh5 6. Nh3 Bd6 7. Nb5 {0.03/7}) 4... d5 5. e5 d4 6. exf6 dxc3 7. fxg7 cxd2+ 8.
Qxd2 Bxg7 9. Qxd8+ Kxd8 10. c3 10... Kc7 {letzter Buchzug} 11. Be3 Bh6 12. Ne2
({0.02 Hiarcs 7.32:} 12. Bc4 12... Ne5 13. Be2 Ng4 14. Bxc5 Bxf4 15. Bxe7 15...
Nxh2 {0.35/7}) 12... b6 13. a4 ({-0.57 Hiarcs 7.32:} 13. g3 13... Bg4 14. Bg2
Rad8 15. Kf2 Rhg8 16. Rhe1 {0.02/7}) 13... Be6 ({-0.20 Hiarcs 7.32:} 13... Rd8
14. Rd1 Rxd1+ 15. Kxd1 Be6 16. Nc1 Rd8+ 17. Ke1 17... Bg4 {-0.57/7}) 14. Ng3
Rad8 15. a5 ({-0.63 Hiarcs 7.32:} 15. Be2 15... Rhg8 16. O-O Bd5 17. c4 Be6 18.
Rfd1 {-0.07/7}) 15... Nxa5 16. Be2 ({-0.93 Hiarcs 7.32:} 16. Bxc5 16... Bxf4
17. Bxe7 Rde8 18. Bf6 Bd5+ 19. Be2 Rhg8 20. Kf2 Be3+ 21. Kf1 {-0.63/8}) 16...
Kb8 17. Rg1 ({-1.32 Hiarcs 7.32:} 17. Kf2 17... Rhe8 18. Bb5 Rg8 19. b4 cxb4
20. cxb4 {-0.93/7}) 17... Nb3 18. Ra6 Rd6 19. Kf2 Rg8 20. Ne4 Rdd8 21. Ra3 f6
22. Ng3 Nd2 ({0.05 Hiarcs 7.32:} 22... c4 23. Rd1 Rxd1 24. Bxd1 Bd5 25. Bc2 Rg7
26. Be4 Bxe4 27. Nxe4 {-1.01/7}) 23. Rga1 a5 24. b3 ({-0.78 Hiarcs 7.32:} 24.
b4 24... cxb4 {-0.27/7}) 24... f5 ({0.00 Hiarcs 7.32:} 24... Nxb3 {-0.78/7})
25. b4 cxb4 26. cxb4 Bg7 27. Re1 ({-0.54 Hiarcs 7.32:} 27. Rd1 27... Bb2 28.
Rd3 Rxd3 29. Bxd3 29... Nc4 {0.00/7}) 27... Nc4 28. Bxc4 Bxc4 29. bxa5 Bb2 30.
Ra4 b5 31. Rb1 ({-1.25 Hiarcs 7.32:} 31. Rxc4 31... bxc4 32. Nxf5 Rd7 33. Rb1
c3 34. Bd4 Kc7 35. Re1 35... Kd8 {-0.54/7}) 31... bxa4 32. Rxb2+ Ka8 33. Rb4
Bd5 34. Rxa4 Rc8 35. Rd4 e6 36. Rd2 ({-2.06 Hiarcs 7.32:} 36. Rd3 36... h5 37.
h4 Rc2+ 38. Bd2 Rg4 39. Nxh5 Rxh4 40. Nf6 40... Rxf4+ {-1.54/9}) 36... h5 37.
Kg1 Rc1+ 38. Nf1 ({-3.18 Hiarcs 7.32:} 38. Kf2 38... Rb1 39. h4 Rb3 40. Re2 Ra3
41. a6 Rxa6 42. Bd2 42... Rh8 {-2.06/9}) 38... Bc4 39. Rf2 Rb1 40. Bb6 Bb5 41.
h3 ({-4.63 Hiarcs 7.32:} 41. g3 41... h4 42. Kg2 hxg3 43. hxg3 Bc6+ 44. Kg1 Rh8
45. Rg2 Bxg2 46. Kxg2 Kb7 47. Bd4 47... Rd8 {-3.45/10}) 41... Rc8 42. Be3 Rc3
43. Bd4 Rcc1 44. g3 Bxf1 45. Bb2 ({-11.52 Hiarcs 7.32:} 45. Be3 45... Ba6+ 46.
Bxc1 Rxc1+ 47. Kh2 Bb7 48. Rg2 Bxg2 49. Kxg2 Ra1 50. g4 hxg4 51. hxg4 51...
fxg4 {-6.57/9}) 45... Rd1 46. Rxf1 ({-15.68 Hiarcs 7.32:} 46. g4 46... Bxh3+
47. Kh2 Rh1+ 48. Kg3 Rbg1+ 49. Kf3 Bxg4+ 50. Ke3 Rd1 51. Rg2 Rhe1+ 52. Kf2 h4
53. Rxg4 53... fxg4 {-11.52/8}) 46... Rxf1+ 47. Kg2 Rfd1 48. Bc3 Rb3 49. g4
Rxc3 50. Kf2 Rd2+ 51. Ke1 Ra2 52. Kd1 52... Rxh3 {Hossa resigns} 0-1

[Event "ICS rated blitz match"]
[Site "204.178.125.65"]
[Date "1999.11.01"]
[Round "?"]
[White "Colorado"]
[Black "Hossa"]
[Result "1-0"]
[WhiteElo "2720"]
[BlackElo "2471"]
[PlyCount "157"]
[EventDate "1999.??.??"]

1. Nf3 e6 2. e4 d5 3. exd5 exd5 4. Bb5+ {letzter Buchzug} 4... Bd7 5. Bxd7+
Nxd7 6. O-O Ngf6 ({0.52 Hiarcs 7.32:} 6... Bd6 7. Nc3 Ne7 8. Nb5 Nf6 9. d3 O-O
10. Be3 {-0.12/8}) 7. Re1+ Be7 8. Qe2 c5 9. d3 ({0.30 Hiarcs 7.32:} 9. b3 9...
Kf8 10. Bb2 Bd6 11. Nc3 11... Kg8 {0.61/7}) 9... a5 ({0.59 Hiarcs 7.32:} 9...
Rc8 10. d4 Ne4 11. c4 cxd4 12. cxd5 Nef6 13. Bd2 Nxd5 14. Nxd4 {0.30/7}) 10.
Bf4 Nf8 11. Nc3 Ne6 12. Bg3 O-O 13. Nb5 Re8 14. Ne5 Ra6 15. Rad1 Bd6 16. Qf3 ({
-0.24 Hiarcs 7.32:} 16. a4 16... Nc7 17. d4 c4 18. Nxd6 18... Rxd6 {0.23/6})
16... Bxe5 ({0.01 Hiarcs 7.32:} 16... Rb6 17. Nxd6 {-0.24/7}) 17. Bxe5 Nf8 18.
Bc7 Qd7 19. a4 Ng6 20. b3 Re7 ({0.42 Hiarcs 7.32:} 20... Ree6 21. d4 cxd4 22.
Qd3 Ne8 23. Bg3 Qe7 24. Rxe6 fxe6 25. Nxd4 {0.07/6}) 21. Rxe7 Qxe7 22. Kf1 Qd7
23. Re1 ({0.01 Hiarcs 7.32:} 23. d4 23... b6 24. dxc5 bxc5 25. Qc3 Qg4 26. f3
Qb4 27. Qxb4 27... axb4 {0.37/7}) 23... Ng4 ({0.30 Hiarcs 7.32:} 23... Ne8 24.
Bg3 Re6 25. d4 b6 26. Be5 {0.01/7}) 24. Qh3 Re6 ({1.15 Hiarcs 7.32:} 24... f5
25. d4 {0.31/8}) 25. Rxe6 Qxe6 26. Qg3 f5 ({2.01 Hiarcs 7.32:} 26... b6 27.
Bxb6 Qxb6 28. Qxg4 Qe6 29. Qxe6 fxe6 30. d4 cxd4 31. Nxd4 {1.15/7}) 27. Qd6 Nf8
({2.77 Hiarcs 7.32:} 27... Qxd6 28. Nxd6 Nxh2+ 29. Kg1 Ng4 30. Nxb7 N4e5 31.
Nxc5 Nc6 32. Nb7 Nb4 33. Nxa5 33... Nxc2 {2.01/8}) 28. h3 Nf6 29. Qxc5 N6d7 30.
Qd4 Ng6 31. Bxa5 b6 32. Bb4 Qe5 33. c4 Nf4 34. Bd6 Qxd4 35. Nxd4 Nxd3 36. cxd5
Nf6 37. Nxf5 Nxd5 38. Ne3 N3b4 39. Bxb4 Nxb4 40. Nc4 Nd5 41. Ke2 Kf7 42. Kf3
Ke6 43. b4 Nxb4 44. Nxb6 Ke5 45. Nd7+ Kd6 46. Nf8 h6 47. Ke4 g5 48. Ng6 Nc2 49.
Ne5 Kc5 50. Nf7 Ne1 51. g3 h5 52. Nxg5 Kc4 53. f4 Nd3 ({11.13 Hiarcs 7.32:} 
53... Nc2 54. f5 Kc5 55. f6 Kd6 56. Kf5 Nd4+ 57. Kg6 h4 58. gxh4 Kd7 59. a5 {
7.20/10}) 54. f5 Nc5+ 55. Ke5 Kb4 56. Kd6 h4 57. f6 Nb7+ 58. Kc7 Nd6 ({
26.70 Hiarcs 7.32:} 58... Nc5 59. gxh4 Nxa4 60. f7 Kc4 61. f8=Q Nc3 62. Qf4+
Kd5 63. Qd6+ Kc4 64. Qc6+ Kd4 65. Qxc3+ 65... Kxc3 {15.93/9}) 59. Kxd6 hxg3 60.
f7 Kxa4 61. f8=Q Kb5 ({#5 Hiarcs 7.32:} 61... g2 62. Qa8+ Kb4 63. Qxg2 {26.55/6
}) 62. Qf5+ ({26.70 Hiarcs 7.32:} 62. Kd5 62... Ka4 63. Kc4 Ka5 64. Qd6 g2 65.
Qc6 g1=Q 66. Qb5# {#5/5}) 62... Kc4 63. Qd3+ ({4.98 Hiarcs 7.32:} 63. h4 63...
g2 64. Qe4+ Kc3 65. Qxg2 {26.61/5}) 63... Kxd3 64. Nf3 Ke2 ({#22 Hiarcs 7.32:} 
64... Ke3 65. Nh4 Kf4 66. Kd5 Kg5 67. Ng2 Kf5 68. h4 Kf6 69. Ke4 Kf7 70. Kf3
Kg6 71. Kxg3 {4.98/14}) 65. Nh4 Kf2 66. Ke5 Ke3 67. Kf5 Ke2 68. Ke4 Kd2 69.
Nf3+ Kc3 70. h4 g2 71. h5 Kb4 72. Ng1 Kc5 73. h6 Kd6 74. h7 Ke6 75. h8=Q Kf7
76. Ke5 Ke7 77. Qg7+ Kd8 78. Kd6 Ke8 79. Qe7# {Hossa checkmated} 1-0

[Event "ICS rated blitz match"]
[Site "204.178.125.65"]
[Date "1999.11.01"]
[Round "?"]
[White "Hossa"]
[Black "Skeletor"]
[Result "0-1"]
[WhiteElo "2465"]
[BlackElo "2612"]
[PlyCount "149"]
[EventDate "1999.??.??"]

1. Nf3 d5 2. d4 Nf6 3. e3 e6 4. c4 c5 5. Bd3 Nc6 6. O-O dxc4 7. Bxc4 a6 8. Nc3
b5 9. Be2 Bd6 10. dxc5 Bxc5 11. Qxd8+ Nxd8 12. Ne5 O-O 13. Rd1 Bb7 14. Nd7 Nxd7
15. Rxd7 Rc8 16. a3 Bc6 17. Rd2 Bb6 18. Bd3 Nb7 19. a4 Nc5 20. axb5 axb5 21.
Bc2 b4 22. Ne2 b3 23. Bb1 Rfd8 24. Nc3 Rxd2 25. Bxd2 Rd8 26. Be1 Kf8 27. e4 Rd4
28. Ra3 Ke7 29. Kf1 Bb7 30. Ke2 Ba6+ 31. Ke3 Bf1 32. g3 Rd7 33. Kf3 h6 34. h4
Bd3 35. Ra1 Bc2 36. Ke2 Nd3 37. Nd5+ exd5 38. Bxc2 dxe4 39. Bxb3 Bd4 40. Kf1
Bxb2 41. Ra8 Kf6 42. Ra6+ Kf5 43. Ra5+ Be5 44. Ra8 g5 45. Ba4 Rb7 46. Bd2 gxh4
47. gxh4 Kg4 48. Bxh6 Rb1+ 49. Ke2 Re1+ 50. Kd2 Kf3 51. Bb5 Re2+ 52. Kd1 Nxf2+
53. Kc1 Rb2 54. Bc4 f6 55. Re8 Rb7 56. Kc2 Rh7 57. Bf8 Ng4 58. Be6 Rxh4 59. Bc5
e3 60. Bd5+ Kf4 61. Kd3 ({-5.28 Hiarcs 7.32:} 61. Kc1 61... f5 62. Ra8 Rh2 63.
Ra2 e2 64. Ra4+ Kg5 65. Bb4 65... Ne3 {-3.73/8}) 61... Rh2 62. Bb4 Rb2 63. Be1
({-7.76 Hiarcs 7.32:} 63. Bc3 63... Nf2+ 64. Kc4 Rc2 65. Rxe5 fxe5 66. Kb3 Rd2
67. Bc6 67... Nd3 {-5.02/7}) 63... Nf2+ 64. Kc4 Rc2+ 65. Kb3 Rc1 66. Bb4 ({
-11.81 Hiarcs 7.32:} 66. Ba5 66... Rc5 67. Bc4 Rxa5 68. Be2 f5 69. Rf8 Ra3+ 70.
Kc4 70... Ra2 {-7.76/8}) 66... Rb1+ 67. Ka3 Rxb4 68. Kxb4 e2 69. Kb5 e1=Q 70.
Rh8 ({-17.08 Hiarcs 7.32:} 70. Rc8 70... Qb1+ 71. Ka5 f5 72. Rc6 Ne4 73. Rb6
Bc3+ 74. Ka6 Qd3+ 75. Rb5 {-11.90/6}) 70... Nd3 71. Ba8 ({-#4 Hiarcs 7.32:} 71.
Ka6 71... Nb4+ 72. Kb7 Nxd5 73. Kc6 Qa5 74. Kd7 f5 75. Rh4+ Kg3 76. Rh6 Qc7+
77. Ke6 Qd6+ 78. Kxf5 Qxh6 79. Kxe5 {-25.14/7}) 71... Qb4+ 72. Kc6 Qd6+ 73. Kb5
Qc5+ 74. Ka6 Nb4+ 75. Kb7 {Hossa resigns} 0-1